000 00340pab a2200145 454500
008 180718b1989 xxu||||| |||| 00| 0 eng d
100 _aDua, M.R.
245 _aMedia's role in national literacy mission
260 _c1989
300 _a12-16
362 _aMar.-Apr.
650 _aIlliteracy - India
773 _aVidura
909 _a10774
999 _c10774
_d10774